000
00338nam a2200133 4500
001
16367
090
_a
16367
100
_a
20250718 pory50
200
_a
Três Séculos no mar
_f
Comandante António Marques Esparteiro
210
_a
Lisboa
_d
1977
215
_a
179p.
225
_a
Coleção Estudos;
_h
8)
801
_a
PT
_b
BMA
_g
RPC
990
_c
LIVROS